00233nam a2200085Ia 4500008004100000100004400041245001800085260003600103300000800139201217s9999 xx 000 0 und d aBertsekas, Dimitri and Gallager, Robert 0aData Networks aEnglewood CliffsbPrentice Hall a486